[Event "Zhukovsky-A 02"]
[Site "Zhukovsky"]
[Date "2011.02.09"]
[Round "2"]
[White "Tselyutin, Viktor"]
[Black "Shivokhin, Boris M"]
[Result "0-1"]
[WhiteElo "1830"]
[BlackElo "2057"]
[PlyCount "68"]
[EventDate "2011.02.09"]
[EventType "swiss"]
[EventRounds "9"]
[EventCountry "RUS"]
[SourceTitle "EXT 2022"]
[Source "ChessBase"]
[SourceDate "2021.10.06"]
[SourceVersion "1"]
[SourceVersionDate "2021.10.06"]
[SourceQuality "1"]

1. e4 e5 2. Nf3 Nc6 3. Bb5 a6 4. Ba4 Nf6 5. 0-0 Be7 6. Qe1 b5 7. Bb3 0-0 8. c3 d6 9. h3 Na5 10. Bc2 c5 11. d4 Qc7 12. dxc5 dxc5 13. a4 b4 14. Nbd2 Rb8 15. Nh4 Rd8 16. Nf5 Bf8 17. Nf3 b3 18. Bb1 Be6 19. Qe3 h6 20. N3h4 Nc4 21. Qg3 Kh8 22. Re1 Nd2 23. Nf3 Nxb1 24. Rxb1 Nxe4 25. Rxe4 Bxf5 26. Nxe5 Bxe4 27. Ng6+ Bxg6 28. Qxc7 Rd1+ 29. Kh2 Bd6+ 30. Bf4 Bxc7 31. Rxd1 Bxf4+ 32. g3 Be5 33. f4 Bxc3 34. g4 Be4 0-1

[Event "Zhukovsky op 05"]
[Site "Zhukovsky"]
[Date "2011.??.??"]
[Round "7"]
[White "Ershov, Aleksey"]
[Black "Shivokhin, Boris M"]
[Result "1/2-1/2"]
[WhiteElo "1779"]
[BlackElo "2057"]
[PlyCount "72"]
[EventDate "2011.05.15"]
[EventType "swiss"]
[EventRounds "9"]
[EventCountry "RUS"]
[SourceTitle "EXT 2012"]
[Source "ChessBase"]
[SourceDate "2011.11.24"]
[SourceVersion "1"]
[SourceVersionDate "2011.11.24"]
[SourceQuality "1"]

1. e4 e5 2. Nf3 Nc6 3. d4 exd4 4. Nxd4 Nf6 5. Nxc6 bxc6 6. e5 Qe7 7. Qe2 Nd5 8. c4 Ba6 9. b3 g6 10. Bb2 Bg7 11. g3 Qb4+ 12. Qd2 Qxd2+ 13. Nxd2 Ne7 14. 0-0-0 0-0 15. Ne4 Rfd8 16. Bh3 Bc8 17. Nf6+ Bxf6 18. exf6 Nf5 19. Bxf5 gxf5 20. Be5 d6 21. c5 Re8 22. cxd6 cxd6 23. Rxd6 Be6 24. f4 Bd5 25. Re1 a5 26. Kb2 a4 27. Re3 axb3 28. axb3 h5 29. Rd7 Ra6 30. Rb7 Rea8 31. Rb8+ Kh7 32. Rxa8 Rxa8 33. Bd6 Be4 34. Be7 Ra5 35. Kc3 Ra2 36. h4 Rf2 1/2-1/2

[Event "Zhukovsky op 05"]
[Site "Zhukovsky"]
[Date "2011.??.??"]
[Round "8"]
[White "Shivokhin, Boris M"]
[Black "Fyodorova, Irina"]
[Result "1/2-1/2"]
[WhiteElo "2057"]
[BlackElo "1951"]
[PlyCount "78"]
[EventDate "2011.05.15"]
[EventType "swiss"]
[EventRounds "9"]
[EventCountry "RUS"]
[SourceTitle "EXT 2012"]
[Source "ChessBase"]
[SourceDate "2011.11.24"]
[SourceVersion "1"]
[SourceVersionDate "2011.11.24"]
[SourceQuality "1"]

1. e4 c6 2. d4 d5 3. Nc3 g6 4. exd5 cxd5 5. Nf3 Bg7 6. Be2 Nh6 7. Bb5+ Nc6 8. Ne5 Bd7 9. Bxh6 Bxh6 10. Nxd7 Qxd7 11. Qf3 Rd8 12. Rd1 0-0 13. Ne2 a6 14. Bd3 Nb4 15. a3 Nxd3+ 16. Rxd3 f6 17. Qh3 Qxh3 18. Rxh3 Kg7 19. Rb3 b5 20. 0-0 e5 21. Ra1 Rc8 22. c3 Rfe8 23. Kf1 Rb8 24. Rd1 e4 25. Rb1 Rec8 26. g3 g5 27. g4 Kf7 28. a4 bxa4 29. Ra3 Rc4 30. Rba1 Rxb2 31. Rxa4 Rxa4 32. Rxa4 Rb6 33. Ng3 Bf8 34. Ra5 Ke6 35. Nf5 h5 36. h3 hxg4 37. hxg4 Rc6 38. Ne3 Rd6 39. Nf5 Rc6 1/2-1/2

[Event "Zhukovsky Rating-A 08"]
[Site "Zhukovsky"]
[Date "2009.08.14"]
[Round "3"]
[White "Shivokhin, Boris M"]
[Black "Rusakovsky, Oleg"]
[Result "1/2-1/2"]
[WhiteElo "2135"]
[BlackElo "1971"]
[PlyCount "60"]
[EventDate "2009.08.14"]
[EventType "swiss"]
[EventRounds "7"]
[EventCountry "RUS"]
[SourceTitle "EXT 2022"]
[Source "ChessBase"]
[SourceDate "2021.10.06"]
[SourceVersion "1"]
[SourceVersionDate "2021.10.06"]
[SourceQuality "1"]

1. e4 e6 2. d4 d5 3. Nc3 Bb4 4. e5 c5 5. a3 Bxc3+ 6. bxc3 Ne7 7. a4 Nbc6 8. Nf3 0-0 9. Bd3 Ng6 10. h4 cxd4 11. cxd4 Qc7 12. h5 Nge7 13. Bd2 Nf5 14. c3 f6 15. exf6 Rxf6 16. Qe2 Bd7 17. 0-0 Rc8 18. Ne5 Nxe5 19. dxe5 Rff8 20. g4 Nh4 21. f4 Qc5+ 22. Kh2 Bc6 23. Be1 Qe7 24. Kh3 g5 25. Bg3 h6 26. fxg5 hxg5 27. Bxh4 gxh4 28. Qe3 b6 29. Qh6 Qg7 30. Rxf8+ Rxf8 1/2-1/2

[Event "Zhukovsky Rating-A 08"]
[Site "Zhukovsky"]
[Date "2009.08.14"]
[Round "2"]
[White "Vasiliev, Aleksey V"]
[Black "Shivokhin, Boris M"]
[Result "1-0"]
[WhiteElo "2013"]
[BlackElo "2135"]
[PlyCount "65"]
[EventDate "2009.08.14"]
[EventType "swiss"]
[EventRounds "7"]
[EventCountry "RUS"]
[SourceTitle "EXT 2022"]
[Source "ChessBase"]
[SourceDate "2021.10.06"]
[SourceVersion "1"]
[SourceVersionDate "2021.10.06"]
[SourceQuality "1"]

1. e4 e5 2. Nc3 Nf6 3. Bc4 Nxe4 4. Bxf7+ Kxf7 5. Nxe4 d5 6. Qf3+ Kg8 7. Ng5 Qd7 8. d3 h6 9. N5h3 Nc6 10. Ne2 Bc5 11. Be3 Bb4+ 12. c3 Be7 13. 0-0-0 Kh7 14. Ng3 Rf8 15. Qe2 Qe6 16. Kb1 Qg6 17. Ka1 Bg4 18. f3 Be6 19. d4 Bxh3 20. gxh3 Qe6 21. Qd3+ Qg6 22. Qb5 Rxf3 23. Rhe1 Qc2 24. Bg1 exd4 25. Rc1 Qg6 26. Qxd5 Raf8 27. Bxd4 Nxd4 28. Qxd4 Bd6 29. Qxa7 b6 30. Qb7 Bxg3 31. hxg3 Qxg3 32. Qe4+ Qg6 33. Qc4 1-0

[Event "Moscow-ch"]
[Site "Moscow"]
[Date "1996.??.??"]
[Round "8"]
[White "Lundin, Alexandr"]
[Black "Shivokhin, Boris M"]
[Result "1-0"]
[WhiteElo "2315"]
[BlackElo "2150"]
[PlyCount "101"]
[EventDate "1996.08.??"]
[EventType "swiss"]
[EventRounds "11"]
[EventCountry "RUS"]
[SourceTitle "CBM 055 Extra"]
[Source "ChessBase"]
[SourceDate "1997.01.01"]
[SourceVersion "1"]
[SourceVersionDate "1997.01.01"]
[SourceQuality "1"]

1. d4 d5 2. c4 c6 3. Nf3 Nf6 4. Nc3 e6 5. Bg5 dxc4 6. e4 b5 7. e5 h6 8. Bh4 g5 9. Nxg5 hxg5 10. Bxg5 Nbd7 11. exf6 Bb7 12. g3 c5 13. d5 Nb6 14. dxe6 Bxh1 15. e7 Qd7 16. Qxd7+ Nxd7 17. Nxb5 Bxe7 18. fxe7 f6 19. Nc7+ Kxe7 20. Nxa8 fxg5 21. Nc7 Rxh2 22. Bxc4 Bf3 23. Nd5+ Kd6 24. Ne3 Rh1+ 25. Nf1 Ne5 26. Be2 Bxe2 27. Kxe2 Nc6 28. Kf3 Rh8 29. Ne3 Rf8+ 30. Kg2 Nd4 31. Rd1 Ke5 32. Rc1 Ne6 33. Rc4 Rb8 34. b3 Rb4 35. Kf3 a6 36. Kg4 Rb8 37. f4+ gxf4 38. gxf4+ Kd6 39. f5 Rg8+ 40. Kf3 Nd4+ 41. Kf4 Ne2+ 42. Ke4 Re8+ 43. Kd3 Ng3 44. Ra4 Ke5 45. Rxa6 Nxf5 46. Nxf5 Kxf5 47. Kc4 Rc8 48. Ra5 Ke6 49. Rxc5 Rh8 50. a4 Kd6 51. a5 1-0

[Event "Moscow-ch"]
[Site "Moscow"]
[Date "1996.??.??"]
[Round "1"]
[White "Shivokhin, Boris M"]
[Black "Saulin, Dmitri"]
[Result "0-1"]
[WhiteElo "2150"]
[BlackElo "2395"]
[PlyCount "96"]
[EventDate "1996.08.??"]
[EventType "swiss"]
[EventRounds "11"]
[EventCountry "RUS"]
[SourceTitle "CBM 055 Extra"]
[Source "ChessBase"]
[SourceDate "1997.01.01"]
[SourceVersion "1"]
[SourceVersionDate "1997.01.01"]
[SourceQuality "1"]

1. e4 c5 2. Nc3 d6 3. g3 Nc6 4. Bg2 g6 5. d3 Bg7 6. Be3 e6 7. Qd2 Nge7 8. Bh6 0-0 9. h4 f5 10. h5 Rf7 11. hxg6 hxg6 12. Bxg7 Rxg7 13. Nge2 Ne5 14. 0-0-0 Qb6 15. Nf4 Bd7 16. Nh3 N7c6 17. Ng5 Nf7 18. exf5 gxf5 19. Nxf7 Kxf7 20. Bf3 Nd4 21. Bh5+ Ke7 22. Qh6 Rag8 23. Rhe1 Kd8 24. Ne2 Nxe2+ 25. Rxe2 Kc7 26. Qf6 Kb8 27. d4 cxd4 28. Rxd4 Rh7 29. Bf3 Bc8 30. Red2 Rd8 31. b3 Rh2 32. Kb2 e5 33. Rd5 Qc7 34. Bd1 e4 35. Qg5 Be6 36. R5d4 Rdh8 37. Qe3 d5 38. Be2 Qe5 39. c3 Rg2 40. Ra4 b6 41. Qg5 Rc8 42. Qe3 Rxf2 43. Rb4 Rc6 44. Rbd4 Rg2 45. Qh6 Rxg3 46. Ba6 Rcxc3 47. Qf8+ Bc8 48. Bxc8 Rxc8 0-1